Mixed Word: Mystery Theme Quiz Stats

 Plays Quiz Updated Jan 20, 2012

Support Sporcle.
Go Orange.
Score 0/16 Timer 04:00
0 Plays Today
Hint Answer % Correct
YASSay
99.9%
CJAKJack
98%
BLLABall
96%
EACKCake
95.7%
LHEWEWheel
91%
HADEHead
89.5%
GRINSTString
85.9%
MARCECream
85.4%
Hint Answer % Correct
Common theme:Cheese
55.7%
TRRAEGGrater
54%
GRBREUBurger
49.3%
DEFNOUFondue
46.4%
NARCOIAMMacaroni
45.4%
TTRONERotten
45.1%
ADERRWDrawer
44.3%
RDELGILGrilled
36.7%

You're not logged in!

Compare scores with friends on all Sporcle quizzes.
OR
Log In

From the Vault

Vowel-less Movie Titles IV

by Shermanator

You can turn on the subtitles, but the vowels are nowhere to be found.
Remove Ads.
Support Sporcle.
Get the best of Sporcle when you Go Orange. This ad-free experience offers more features, more stats, and more fun while also helping to support Sporcle. Thank you for becoming a member.

Show Comments

Extras

Top Quizzes Today


Score Distribution

Your Account Isn't Verified!

In order to create a playlist on Sporcle, you need to verify the email address you used during registration. Go to your Sporcle Settings to finish the process.

Report this User

Report this user for behavior that violates our Community Guidelines.

Details: